Freedom of interstate trade in India (Record no. 32516)

MARC details
000 -LEADER
fixed length control field 00284nam a2200109Ia 4500
082 ## - DEWEY DECIMAL CLASSIFICATION NUMBER
Classification number 339.1(540)
Item number JAR
100 ## - MAIN ENTRY--AUTHOR NAME
Personal name Jariwala, C M
245 #0 - TITLE STATEMENT
Title Freedom of interstate trade in India
260 ## - PUBLICATION, DISTRIBUTION, ETC. (IMPRINT)
Place of publication New Delhi
Name of publisher Sterling
Year of publication 1975
942 ## - ADDED ENTRY ELEMENTS (KOHA)
Koha item type Books
Holdings
Withdrawn status Lost status Damaged status Not for loan Home library Current library Date acquired Cost, normal purchase price Full call number Accession Number Koha item type
      Write off RRII Library RRII Library 16/12/2021 45.00 339.1(540) JAR 13033 Books